Tribunal de Contas do Estado do Amazonas : (Record no. 1415)

MARC details
000 -LÍDER
Campo Fixo de Controle 00583nam a2200205 a 4500
001 - NÚMERO DE CONTROLE
Campo de Controle 1415
003 - IDENTIFICAÇÃO DO NÚMERO DE CONTROLE
Campo de Controle BR-CuiBMT
005 - DATA E HORA DA ÚLTIMA ATUALIZAÇÃO
Campo de Controle 20231214151923.0
008 - DADOS FIXOS
Dados Fixos 231207s2010 amb 000 0 por d
040 ## - AGÊNCIA CATALOGADORA
Código da Agência Catalogadora BR-CuiBMT
Agência que transcreveu o registro BR-CuiBMT
080 ## - Nº DA CLASSIFICAÇÃO DECIMAL UNIVERSAL
Nº edição CDU 2007
Nº Class. CDU 347.991
Subd. Auxiliar Comum (811.3)
090 ## - NÚMERO DE CHAMADA
Nº classificação 347.991(811.3)
Cutter G216t
100 1# - ENTRADA PRINCIPAL -- AUTOR PESSOAL
Nome pessoal Garcia, Etelvina
245 10 - TÍTULO PRINCIPAL
Título principal Tribunal de Contas do Estado do Amazonas :
Subtítulo sessenta anos /
260 ## - PUBLICAÇÃO, DISTRIBUIÇÃO, ETC.
Local de publicação Manaus :
Editora Norma Editora,
Data 2010.
300 ## - DESCRIÇÃO FÍSICA
N. páginas ou volumes 111 p. ;
Dimensões 30 cm
504 ## - NOTA DE BIBLIOGRAFIA, ETC.
Nota de bibliografia Inclui bibliografia.
650 ## - ASSUNTO TÓPICO
Cabeçalho tópico ou nome geográfico Tribunal de Contas
Subdivisão geográfica Amazonas
942 ## - ELEMENTOS DE ENTRADA ADICIONAIS (KOHA)
Fonte de classificação ou esquema de arquivamento Classificação Decimal Universal
Tipo de item do Koha Livros
Holdings
Estado: removido Estado: perdido Fonte de classificação ou esquema de arquivamento Estado: danificado Indisponível para empréstimo Localização permanente Localização atual Data de aquisição Total Checkouts Número de Chamada completo Código de barras Date last seen Número do exemplar Preço efetivo a partir de Tipo de item (Koha)
    Classificação Decimal Universal     Biblioteca da Escola Superior de Contas do TCE/MT Biblioteca da Escola Superior de Contas do TCE/MT 07/12/2023   347.991(811.3) G216t BIBTCEMT23120300 07/12/2023 Ex. 1 07/12/2023 Livros
    Classificação Decimal Universal     Biblioteca da Escola Superior de Contas do TCE/MT Biblioteca da Escola Superior de Contas do TCE/MT 07/12/2023   347.991(811.3) G216t BIBTCEMT23120475 14/12/2023 Ex. 2 07/12/2023 Livros

Powered by Koha